[Event "2. Bundesliga West 2013/14"]
[Site "Salzburg"]
[Date "2014.01.19"]
[Round "8"]
[Board "3"]
[White "Weindl, Alfred"]
[Black "Dovzik, Juri"]
[Result "*"]
[WhiteElo "2344"]
[BlackElo "2335"]
[PlyCount "72"]
[EventDate "2013.10.18"]
[EventType "team"]
[EventRounds "11"]
[EventCountry "AUT"]
[WhiteTeam "Bregenz"]
[BlackTeam "Ranshofen"]

1.Nf3 c5 2.g3 Nc6 3.Bg2 g6 4.O-O Bg7 5.d3 d6 6.e4 Nf6 7.Nc3 O-O 8.h3 Rb8 9.Be3 b5
10.Qd2 b4 11.Ne2 a5 12.Nh2 Ne8 13.Rab1 Nd4 14.f4 e6 15.Nf3 Nxf3+ 16.Bxf3 Nc7 17.c4
e5 18.Bg2 exf4 19.Nxf4 Ne6 20.Kh2 Nxf4 21.Bxf4 Be6 22.Rf2 Be5 23.Rbf1 f6 24.Rf3 Rf7
25.Bxe5 fxe5 26.Rxf7 Bxf7 27.Qh6 Qf8 28.Qg5 Qd8 29.Qh6 Qf8 30.Qh4 Qd8 31.Qf6 Qxf6
32.Rxf6 Rd8 33.g4 Kf8 34.h4 Ke7 35.Rf1 Be6 36.Kg3 Rf8

[Event "2. Bundesliga West 2013/14"]
[Site "Salzburg"]
[Date "2014.01.19"]
[Round "8"]
[Board "4"]
[White "Ager, Josef"]
[Black "Matt, Fabian"]
[Result "0-1"]
[WhiteElo "2167"]
[BlackElo "2191"]
[PlyCount "48"]
[EventDate "2013.10.18"]
[EventType "team"]
[EventRounds "11"]
[EventCountry "AUT"]
[WhiteTeam "Ranshofen"]
[BlackTeam "Bregenz"]

1.Nf3 Nf6 2.b3 d5 3.Bb2 c5 4.g3 Nc6 5.Bg2 Bg4 6.d3 d4 7.Nbd2 e5 8.h3 Bh5 9.Nh4 Qd7
10.c4 Bd6 11.Ne4 Nxe4 12.Bxe4 Ne7 13.Qd2 f5 14.Bg2 O-O 15.O-O-O Rab8 16.Rdf1 b5 17.Nxf5
Nxf5 18.g4 Nh4 19.Be4 Bg6 20.Bd5+ Bf7 21.Be4 bxc4 22.dxc4 Bg6 23.Bd5+ Kh8 24.e3 Qe7 0-1

[Event "2. Bundesliga West 2013/14"]
[Site "Salzburg"]
[Date "2014.01.19"]
[Round "8"]
[Board "5"]
[White "Poettinger, Harald"]
[Black "Kuecher, Wolfgang"]
[Result "*"]
[WhiteElo "2224"]
[BlackElo "2079"]
[PlyCount "120"]
[EventDate "2013.10.18"]
[EventType "team"]
[EventRounds "11"]
[EventCountry "AUT"]
[WhiteTeam "Bregenz"]
[BlackTeam "Ranshofen"]

1.c4 Nf6 2.g3 g6 3.Bg2 Bg7 4.Nc3 O-O 5.d4 c6 6.e4 d6 7.Nf3 Bg4 8.Be3 Nbd7 9.h3 Bxf3
10.Bxf3 Qc7 11.O-O h6 12.Rc1 Kh7 13.Qc2 Ng8 14.Rfd1 e5 15.Be2 Ne7 16.dxe5 dxe5 17.Qd2
Rad8 18.Qd6 Qxd6 19.Rxd6 Nc8 20.Rd2 Nb8 21.Rcd1 Bf6 22.c5 Rxd2 23.Rxd2 Rd8 24.Bg4
Rxd2 25.Bxd2 Ne7 26.h4 Na6 27.Be3 h5 28.Bd1 Ng8 29.a3 Be7 30.b4 Kg7 31.Nb1 Kf8 32.Nd2
Nf6 33.f3 Nd7 34.Nc4 Bd8 35.Be2 Nab8 36.Kf2 b6 37.cxb6 axb6 38.a4 b5 39.Na5 bxa4 40.Nb7
Be7 41.Bd2 Nb6 42.Nc5 N8d7 43.Nxd7+ Nxd7 44.Bd1 c5 45.Bxa4 Nb6 46.Bb3 cxb4 47.Be3
Nc8 48.Ke2 Kg7 49.Kd3 Nd6 50.Bc5 Nf5 51.Bf2 Nh6 52.Kc4 f5 53.Kd5 Kf6 54.Be3 Nf7 55.Bc1
Bf8 56.Bb2 fxe4 57.Kxe4 Nd6+ 58.Kd5 Nf7 59.Ke4 Nd6+ 60.Kd5 Nf7

[Event "2. Bundesliga West 2013/14"]
[Site "Salzburg"]
[Date "2014.01.19"]
[Round "8"]
[Board "6"]
[White "Fruehauf, Norbert"]
[Black "Mira, Helene"]
[Result "0-1"]
[WhiteElo "2055"]
[BlackElo "2066"]
[PlyCount "92"]
[EventDate "2013.10.18"]
[EventType "team"]
[EventRounds "11"]
[EventCountry "AUT"]
[WhiteTeam "Ranshofen"]
[BlackTeam "Bregenz"]

1.e4 e5 2.Nf3 Nc6 3.Bb5 a6 4.Ba4 Nf6 5.Qe2 Be7 6.c3 O-O 7.O-O b5 8.Bc2 d6 9.Rd1 Bg4
10.d3 Qc8 11.Nbd2 Re8 12.Nf1 h6 13.h3 Bd7 14.Ng3 Bf8 15.a4 Rb8 16.axb5 axb5 17.d4
b4 18.Qc4 bxc3 19.bxc3 Nd8 20.Nh4 Ne6 21.Qd3 Ng5 22.Nf3 Nxf3+ 23.Qxf3 Be7 24.Nh5 Nxh5
25.Qxh5 Bf8 26.Rd3 g6 27.Rg3 Bg7 28.Qd1 exd4 29.cxd4 c5 30.Ra7 cxd4 31.Bb3 Be6 32.Ba4
Rd8 33.Bd2 Rb7 34.Ra6 Rb1 35.Qxb1 Qxa6 36.Qb4 Qa7 37.Ra3 Qc5 38.Bd1 Qc6 39.Bf3 Qc5
40.Ra5 Qxb4 41.Bxb4 Be5 42.Be2 Rc8 43.g4 Rc2 44.Kf1 Rb2 45.Rb5 Kg7 46.Ba5 Rxe2 0-1

[Event "2. Bundesliga West 2013/14"]
[Site "Salzburg"]
[Date "2014.01.19"]
[Round "8"]
[Board "1"]
[White "Bezold, Michael"]
[Black "Durakovic, Alman"]
[Result "*"]
[WhiteElo "2518"]
[BlackElo "2272"]
[PlyCount "79"]
[EventDate "2013.10.18"]
[EventType "team"]
[EventRounds "11"]
[EventCountry "AUT"]
[WhiteTeam "Hohenems II"]
[BlackTeam "SIR Bernhard 2"]

1.b3 e5 2.Bb2 Nc6 3.c4 Nf6 4.e3 Bd6 5.a3 O-O 6.d3 Re8 7.Nd2 a5 8.Ngf3 Bf8 9.Be2 d5
10.cxd5 Nxd5 11.O-O Nb6 12.Rc1 Bf5 13.Qc2 Qd7 14.Rfd1 Rad8 15.Ne4 Qd5 16.h3 h6 17.Ng3
Be6 18.Nd2 Qd7 19.Nge4 Bf5 20.Qb1 Qe6 21.Ng3 Bg6 22.Qc2 Kh8 23.Nge4 Bf5 24.Re1 Qg6
25.Kh2 Bc8 26.g4 f5 27.gxf5 Bxf5 28.Rg1 Qe6 29.Rg3 Be7 30.Rcg1 Rg8 31.Nf3 Rdf8 32.Qc3
Rf7 33.R1g2 Nd5 34.Qc4 Nb6 35.Qxe6 Bxe6 36.Nxe5 Nxe5 37.Bxe5 Bxa3 38.Rg6 Re8 39.Rxg7
Rxg7 40.Bxg7+

[Event "2. Bundesliga West 2013/14"]
[Site "Salzburg"]
[Date "2014.01.19"]
[Round "8"]
[Board "3"]
[White "Gaertner, Guntram"]
[Black "Wieneroiter, Gerald"]
[Result "*"]
[WhiteElo "2280"]
[BlackElo "2156"]
[PlyCount "95"]
[EventDate "2013.10.18"]
[EventType "team"]
[EventRounds "11"]
[EventCountry "AUT"]
[WhiteTeam "Hohenems II"]
[BlackTeam "SIR Bernhard 2"]

1.d4 d5 2.c4 c6 3.cxd5 cxd5 4.Nf3 Nc6 5.Nc3 Nf6 6.Bf4 Bf5 7.e3 e6 8.Qb3 Bb4 9.Ne5
Qb6 10.Be2 Nxe5 11.Bxe5 O-O 12.Bxf6 gxf6 13.O-O Rfc8 14.Rfc1 Qa5 15.a3 Bxc3 16.Rxc3
Rxc3 17.bxc3 Rc8 18.Rc1 Rc7 19.Qb4 Qxb4 20.axb4 a6 21.Kf1 Kf8 22.Ke1 Ke7 23.Kd2 e5
24.f4 exf4 25.exf4 Be4 26.g4 f5 27.g5 Rc8 28.h4 b5 29.h5 Rc6 30.Rg1 Re6 31.Rg3 Rc6
32.Rh3 Re6 33.Re3 Kd7 34.Bf1 Kd8 35.Bh3 Ke7 36.Re1 Kf8 37.Bf1 Ke7 38.Ra1 Rd6 39.Be2
Rc6 40.h6 Rd6 41.Bh5 Re6 42.Rg1 Kf8 43.Re1 Ke7 44.Bd1 Kf8 45.Be2 Ke7 46.Ra1 Rd6 47.Ra5
Ke8 48.Rxa6

[Event "2. Bundesliga West 2013/14"]
[Site "Salzburg"]
[Date "2014.01.19"]
[Round "8"]
[Board "4"]
[White "Huber, Wolfgang"]
[Black "Atlas, Dmitry"]
[Result "0-1"]
[WhiteElo "2046"]
[BlackElo "2177"]
[PlyCount "60"]
[EventDate "2013.10.18"]
[EventType "team"]
[EventRounds "11"]
[EventCountry "AUT"]
[WhiteTeam "SIR Bernhard 2"]
[BlackTeam "Hohenems II"]

1.e4 e6 2.d4 d5 3.Nd2 Nf6 4.e5 Nfd7 5.f4 c5 6.c3 Nc6 7.Ngf3 Qb6 8.Nb3 a5 9.a4 cxd4
10.Nfxd4 Nc5 11.Bb5 Bd7 12.Be3 Nxb3 13.Qxb3 Qc7 14.Nf3 Be7 15.O-O O-O 16.Rae1 Nb8
17.Bd3 Na6 18.Qc2 g6 19.f5 exf5 20.Bh6 Rfe8 21.Nd4 Bc5 22.Qe2 Nb4 23.Bb1 Nc6 24.Bf4
Nxd4 25.cxd4 Bxd4+ 26.Kh1 Qb6 27.Ba2 Bxa4 28.Bxd5 Bb3 29.Bf3 Rac8 30.Rc1 Be6 0-1

[Event "2. Bundesliga West 2013/14"]
[Site "Salzburg"]
[Date "2014.01.19"]
[Round "8"]
[Board "5"]
[White "Sandholzer, Robert"]
[Black "Autengruber, Daniel"]
[Result "*"]
[WhiteElo "2192"]
[BlackElo "2032"]
[PlyCount "59"]
[EventDate "2013.10.18"]
[EventType "team"]
[EventRounds "11"]
[EventCountry "AUT"]
[WhiteTeam "Hohenems II"]
[BlackTeam "SIR Bernhard 2"]

1.e4 g6 2.d4 Bg7 3.Nc3 c6 4.Be3 d5 5.e5 h5 6.f4 Nh6 7.Nf3 Bg4 8.Be2 Nf5 9.Bf2 e6 10.Qd2
Nd7 11.g3 Qa5 12.h3 Bxf3 13.Bxf3 O-O-O 14.O-O Rdg8 15.Rab1 Bf8 16.a3 Be7 17.b4 Qc7
18.Ne2 Nb6 19.Qd3 Nc4 20.Kh2 g5 21.Bh1 h4 22.g4 Nh6 23.Be3 f6 24.exf6 Bd6 25.Bg2 Nxe3
26.Qxe3 gxf4 27.Nxf4 Nxg4+ 28.hxg4 Rxg4 29.Qxe6+ Kb8 30.Qxg4

[Event "2. Bundesliga West 2013/14"]
[Site "Salzburg"]
[Date "2014.03.07"]
[Round "9"]
[Board "1"]
[White "Votava, Jan"]
[Black "Milanovic, Danilo"]
[Result "1-0"]
[WhiteElo "2524"]
[BlackElo "2506"]
[PlyCount "139"]
[EventDate "2013.10.18"]
[EventType "team"]
[EventRounds "11"]
[EventCountry "AUT"]
[WhiteTeam "Zillertal"]
[BlackTeam "Dornbirn"]

1. d4 Nf6 2. Nf3 c5 3. d5 d6 4. Nc3 g6 5. e4 Bg7 6. Be2 O-O 7. O-O Bg4 8. Nd2
Bxe2 9. Qxe2 Nbd7 10. a4 Ne8 11. Nc4 Nb6 12. Ne3 Nc7 13. Ra3 Qd7 14. a5 Nc8 15.
Bd2 e6 16. Rb3 Rb8 17. Rd1 Ne7 18. Qc4 b5 19. axb6 axb6 20. Nb5 exd5 21. exd5
f5 22. f4 Nxb5 23. Qxb5 Qxb5 24. Rxb5 Bd4 25. c3 Bxe3+ 26. Bxe3 Nc8 27. Ra1 Rf7
28. Rb3 Ra7 29. Rxa7 Nxa7 30. c4 Kf7 31. Ra3 Nc8 32. b4 Ke7 33. Rb3 Ra8 34. Kf2
Ra4 35. Bd2 Ra2 36. Ke2 Kd7 37. h3 Kc7 38. g4 b5 39. cxb5 c4 40. Re3 Nb6 41.
Rc3 Kb7 42. gxf5 gxf5 43. h4 h5 44. Rc1 Rb2 45. Kd1 Rb3 46. Ke2 Rd3 47. Rg1
Nxd5 48. Rg5 Rd4 49. Rxf5 c3 50. Bxc3 Nxc3+ 51. Ke3 Rxb4 52. Rxh5 Nxb5 53. Rh7+
Kc6 54. h5 Kd5 55. Kf3 Nd4+ 56. Kg4 Rb1 57. h6 Ke6 58. Rh8 Rg1+ 59. Kh3 Rh1+
60. Kg2 Rh5 61. h7 Kd5 62. Kg3 Rh1 63. Kg4 Ne6 64. f5 Rg1+ 65. Kh4 Rh1+ 66. Kg4
Rg1+ 67. Kh4 Nd4 68. f6 Ke5 69. f7 Nf5+ 70. Kh3 1-0

[Event "2. Bundesliga West 2013/14"]
[Site "Salzburg"]
[Date "2014.03.07"]
[Round "9"]
[Board "2"]
[White "Drabke, Lorenz"]
[Black "Platzgummer, Fabian"]
[Result "1-0"]
[WhiteElo "2459"]
[BlackElo "2314"]
[PlyCount "65"]
[EventDate "2013.10.18"]
[EventType "team"]
[EventRounds "11"]
[EventCountry "AUT"]
[WhiteTeam "Dornbirn"]
[BlackTeam "Zillertal"]

1. e4 e5 2. Bc4 Nf6 3. d3 Nc6 4. Nf3 Bc5 5. c3 a6 6. Bb3 Ba7 7. O-O d6 8. h3 h6
9. Be3 O-O 10. Nbd2 Re8 11. a4 Be6 12. a5 d5 13. Bxa7 Rxa7 14. Ba4 Qd6 15. d4
dxe4 16. dxe5 Nxe5 17. Nxe5 Qxe5 18. Bxe8 Nxe8 19. Re1 Nd6 20. Ra4 f5 21. f3
Bd7 22. Rd4 Bc6 23. fxe4 fxe4 24. b4 Ra8 25. Nc4 Nxc4 26. Rxc4 Rf8 27. Rd4 Qg3
28. Qd2 Rf3 29. c4 e3 30. Rd8+ Kf7 31. Rd7+ Ke8 32. Rd3 Rf1+ 33. Kxf1 1-0

[Event "2. Bundesliga West 2013/14"]
[Site "Salzburg"]
[Date "2014.03.07"]
[Round "9"]
[Board "3"]
[White "Tabernig, Bernhard"]
[Black "Novkovic, Julia"]
[Result "1-0"]
[WhiteElo "2350"]
[BlackElo "2110"]
[PlyCount "139"]
[EventDate "2013.10.18"]
[EventType "team"]
[EventRounds "11"]
[EventCountry "AUT"]
[WhiteTeam "Zillertal"]
[BlackTeam "Dornbirn"]

1. d4 g6 2. Nf3 Bg7 3. c4 d6 4. e4 e5 5. Bg5 f6 6. Be3 Nh6 7. h3 Nf7 8. Nc3 O-O
9. g4 Nc6 10. d5 Ne7 11. Qc2 c6 12. Be2 cxd5 13. cxd5 f5 14. Rg1 f4 15. Bd2 Bd7
16. a4 Qc7 17. Qb3 Rfb8 18. Nb5 Bxb5 19. Bxb5 a6 20. Bd3 b5 21. axb5 Qb7 22.
Ke2 Nc8 23. Ra5 axb5 24. Rxb5 Qa7 25. Ra1 Qxa1 26. Rxb8 Bf8 27. Rxa8 Qxa8 28.
Qa3 Qb8 29. b4 Be7 30. Qa4 Kf8 31. Ba6 Nb6 32. Qc6 Nd8 33. Qc2 Nf7 34. b5 Bd8
35. Bb4 Bc7 36. Qc6 Ke7 37. g5 Nd7 38. h4 Bb6 39. Bc8 Nf8 40. Qb7+ Qxb7 41.
Bxb7 Nd7 42. Nd2 Kd8 43. Bc6 Nc5 44. Bxc5 Bxc5 45. Nc4 Kc7 46. f3 Nd8 47. Kf1
Nb7 48. Kg2 Nd8 49. Be8 Ba7 50. Bxg6 hxg6 51. h5 Kd7 52. hxg6 Ke7 53. Nxd6 Kf8
54. Nf5 Bc5 55. Kh3 Nb7 56. Kg4 Kg8 57. g7 Kf7 58. Kh5 Nd6 59. Nxd6+ Bxd6 60.
Kh6 Kg8 61. Kg6 Bc7 62. Kf6 Bd8+ 63. Kxe5 Kxg7 64. Kf5 Bb6 65. e5 Kf7 66. g6+
Kg7 67. d6 Bc5 68. d7 Bb6 69. e6 Bd8 70. b6 1-0

[Event "2. Bundesliga West 2013/14"]
[Site "Salzburg"]
[Date "2014.03.07"]
[Round "9"]
[Board "4"]
[White "Kanonier, Clemens"]
[Black "Kupfner, Franz"]
[Result "0-1"]
[WhiteElo "2112"]
[BlackElo "2178"]
[PlyCount "82"]
[EventDate "2013.10.18"]
[EventType "team"]
[EventRounds "11"]
[EventCountry "AUT"]
[WhiteTeam "Dornbirn"]
[BlackTeam "Zillertal"]

1.e4 c5 2.Nf3 Nc6 3.d4 cxd4 4.Nxd4 Nf6 5.Nxc6 bxc6 6.Bd3 e5 7.Qe2 Be7 8.b3 O-O 9.O-O
d6 10.Nd2 Bg4 11.f3 Be6 12.Bb2 Nd7 13.Rad1 Qc7 14.Nc4 a5 15.a4 Nc5 16.Kh1 f6 17.Ne3
d5 18.exd5 cxd5 19.Bf5 d4 20.Bxe6+ Nxe6 21.Nc4 Bb4 22.Bc1 Rfe8 23.Qe4 Rad8 24.Ba3
Nc5 25.Qe2 f5 26.Bxb4 axb4 27.Rd2 e4 28.Qd1 e3 29.Re2 Nxa4 30.bxa4 Qxc4 31.Qd3 Qxd3
32.cxd3 Ra8 33.Ra1 Rec8 34.Rb2 Rxa4 35.Rab1 Rc3 36.Kg1 Rxd3 37.Kf1 f4 38.Rxb4 Rxb4
39.Rxb4 Rd1+ 40.Ke2 Rd2+ 41.Ke1 Kf70-1 0-1

[Event "2. Bundesliga West 2013/14"]
[Site "Salzburg"]
[Date "2014.03.07"]
[Round "9"]
[Board "5"]
[White "Kroell, Johannes"]
[Black "Gsteu, Peter"]
[Result "1-0"]
[WhiteElo "2200"]
[BlackElo "2146"]
[PlyCount "63"]
[EventDate "2013.10.18"]
[EventType "team"]
[EventRounds "11"]
[EventCountry "AUT"]
[WhiteTeam "Zillertal"]
[BlackTeam "Dornbirn"]

1. Nc3 d6 2. d4 c6 3. e4 Qc7 4. f4 e5 5. Nf3 Nd7 6. Bc4 Be7 7. Ng5 Bxg5 8. fxg5
exd4 9. Qxd4 Ne5 10. Bf4 Bg4 11. O-O Bh5 12. h3 Qb6 13. Bxe5 dxe5 14. Qxb6 axb6
15. Rf5 Ke7 16. Rxe5+ Kd6 17. Rf5 Ne7 18. Rf2 Rhf8 19. Raf1 b5 20. Bb3 b4 21.
e5+ Kxe5 22. Re1+ Kd6 23. Ne4+ Kd7 24. Nc5+ Kd6 25. Nxb7+ Kd7 26. Nc5+ Kd6 27.
Ne4+ Kd7 28. Rd2+ Nd5 29. c4 bxc3 30. Nxc3 Rfe8 31. Rxe8 Rxe8 32. Nxd5 1-0

[Event "2. Bundesliga West 2013/14"]
[Site "Salzburg"]
[Date "2014.03.07"]
[Round "9"]
[Board "6"]
[White "Proyer, Enno"]
[Black "Schiestl, Josef"]
[Result "0-1"]
[WhiteElo "1956"]
[BlackElo "2102"]
[PlyCount "60"]
[EventDate "2013.10.18"]
[EventType "team"]
[EventRounds "11"]
[EventCountry "AUT"]
[WhiteTeam "Dornbirn"]
[BlackTeam "Zillertal"]

1.d4 Nf6 2.c4 g6 3.Nc3 Bg7 4.e4 d6 5.Nf3 O-O 6.h3 e5 7.d5 a5 8.Be3 Na6 9.g4 Nc5 10.Nd2
c6 11.Be2 Nfd7 12.h4 a4 13.g5 Qa5 14.a3 f5 15.gxf6 Nxf6 16.Kf1 h5 17.f3 Ng4 18.Bg5
Qb6 19.Kg2 Nd3 20.Qg1 Qxb2 21.fxg4 Rf2+ 22.Kg3 Qxc3 23.Bxd3 Re2 24.Qb1 Rxd2 25.Bxd2
Qxd2 26.g5 Bg4 27.Rh2 Qe3+ 28.Kg2 Bf3+ 29.Kf1 Rf8 30.Rf2 Bg2+0-1 0-1

[Event "2. Bundesliga West 2013/14"]
[Site "Salzburg"]
[Date "2014.03.07"]
[Round "9"]
[Board "1"]
[White "Zelbel, Patrick"]
[Black "Wegener, Olaf"]
[Result "1/2-1/2"]
[WhiteElo "2395"]
[BlackElo "2437"]
[PlyCount "49"]
[EventDate "2013.10.18"]
[EventType "team"]
[EventRounds "11"]
[EventCountry "AUT"]
[WhiteTeam "Kufstein / Woergl"]
[BlackTeam "Rochade Rum"]

1. d4 Nf6 2. c4 e6 3. Nf3 b6 4. g3 Ba6 5. Qc2 Bb7 6. Bg2 c5 7. d5 exd5 8. cxd5
Nxd5 9. O-O Be7 10. Rd1 Qc8 11. a3 Nc7 12. Nc3 O-O 13. Bf4 Ne6 14. Nd5 Bxd5 15.
Rxd5 Nxf4 16. gxf4 Qc7 17. e3 d6 18. Nd4 Na6 19. Nf5 Rad8 20. Rad1 Nb8 21. Qe4
Rde8 22. Qd3 Rd8 23. Qe4 Rde8 24. Qd3 Rd8 25. Qe4 1/2-1/2

[Event "2. Bundesliga West 2013/14"]
[Site "Salzburg"]
[Date "2014.03.07"]
[Round "9"]
[Board "2"]
[White "Zimmermann, Ulrich"]
[Black "Koepke, Christian"]
[Result "1/2-1/2"]
[WhiteElo "2272"]
[BlackElo "2336"]
[PlyCount "101"]
[EventDate "2013.10.18"]
[EventType "team"]
[EventRounds "11"]
[EventCountry "AUT"]
[WhiteTeam "Rochade Rum"]
[BlackTeam "Kufstein / Woergl"]

1. e4 c5 2. Ne2 g6 3. c4 Nc6 4. d4 cxd4 5. Nxd4 Nf6 6. Nc3 Nxd4 7. Qxd4 d6 8.
Be3 Bg7 9. Be2 O-O 10. Qd2 a5 11. O-O a4 12. Rac1 Qa5 13. f3 Be6 14. Rc2 Rfc8
15. Rfc1 Nd7 16. Bf1 Nc5 17. Qf2 a3 18. b3 Nxb3 19. axb3 Bxc3 20. Rxc3 a2 21.
b4 Qxb4 22. Qe1 b5 23. Bd4 bxc4 24. f4 Qb2 25. Ra1 Rcb8 26. f5 Qxa1 27. Qxa1
Rb1 28. Rg3 Rxa1 29. Bxa1 Bd7 30. fxg6 hxg6 31. Bxc4 Ra4 32. Rc3 e5 33. Kf2 Be6
34. Bxe6 fxe6 35. Kf3 d5 36. exd5 exd5 37. Rc5 Rf4+ 38. Ke2 Re4+ 39. Kd2 Rf4
40. Ke2 Re4+ 41. Kd2 Rf4 42. Rc2 Rf1 43. Rc1 Rxc1 44. Kxc1 d4 45. Kc2 Kf7 46.
Kd3 Kf6 47. Ke4 Kg5 48. Bb2 Kg4 49. Ba1 Kg5 50. Bb2 Kg4 51. Ba1 1/2-1/2

[Event "2. Bundesliga West 2013/14"]
[Site "Salzburg"]
[Date "2014.03.07"]
[Round "9"]
[Board "3"]
[White "Bertagnolli, Alexander"]
[Black "Pogan, Nikolas"]
[Result "1/2-1/2"]
[WhiteElo "2333"]
[BlackElo "2293"]
[PlyCount "158"]
[EventDate "2013.10.18"]
[EventType "team"]
[EventRounds "11"]
[EventCountry "AUT"]
[WhiteTeam "Kufstein / Woergl"]
[BlackTeam "Rochade Rum"]

1. d4 d5 2. Nf3 c6 3. Bf4 Nf6 4. h3 Bf5 5. e3 Qb6 6. Qc1 e6 7. Bd3 Bb4+ 8. Nbd2
Bxd3 9. cxd3 O-O 10. O-O Nbd7 11. a3 Be7 12. Qc3 c5 13. Rac1 Rfc8 14. Qb3 Qxb3
15. Nxb3 c4 16. dxc4 dxc4 17. Nbd2 b5 18. e4 Nb6 19. Rc2 c3 20. bxc3 Bxa3 21.
Ra1 Bb4 22. Rb1 a5 23. Ne1 Bxc3 24. Rxb5 Bxd2 25. Bxd2 Rxc2 26. Nxc2 Nc4 27.
Bxa5 Nxa5 28. f3 Nc6 29. Rc5 Ne7 30. Kf2 g6 31. g4 h6 32. h4 Rc8 33. Rxc8+ Nxc8
34. g5 Nd7 35. Nb4 Nd6 36. Kg3 h5 37. Kf4 Kf8 38. Ke3 Nb6 39. Kd3 Nbc8 40. Nc2
Ne7 41. Ne3 Nc6 42. Nc2 Ke8 43. f4 Kd7 44. Ne3 Ne7 45. Ng2 Kc6 46. Ne3 Kb5 47.
Ng2 Kb4 48. Ne3 Kb5 49. Ng2 Ka4 50. Ne3 Kb4 51. Nc2+ Kb3 52. Ne3 Nb5 53. Nc4
Nc6 54. Nd2+ Kb4 55. Nf3 Nc7 56. Nd2 Kb5 57. Nf3 Nb4+ 58. Kc3 Ne8 59. d5 exd5
60. Nd4+ Kc5 61. Nb3+ Kc6 62. Nd4+ Kd7 63. Kxb4 dxe4 64. f5 Kd6 65. Kc3 gxf5
66. Nxf5+ Ke5 67. Nh6 Nd6 68. Ng8 Kf4 69. Nf6 Kg3 70. Nxh5+ Kxh4 71. Nf4 Kxg5
72. Ne2 Kg4 73. Kd4 Kf3 74. Ng1+ Kg3 75. Ke5 f5 76. Ne2+ Kf2 77. Nf4 Kf3 78.
Ne6 f4 79. Nxf4 Nc4+ 1/2-1/2

[Event "2. Bundesliga West 2013/14"]
[Site "Salzburg"]
[Date "2014.03.07"]
[Round "9"]
[Board "4"]
[White "Hoellrigl, Wilfried"]
[Black "Rusche, Johannes"]
[Result "0-1"]
[WhiteElo "2183"]
[BlackElo "2229"]
[PlyCount "82"]
[EventDate "2013.10.18"]
[EventType "team"]
[EventRounds "11"]
[EventCountry "AUT"]
[WhiteTeam "Rochade Rum"]
[BlackTeam "Kufstein / Woergl"]

1.e4 e5 2.Nf3 Nc6 3.Bc4 Nf6 4.d3 Be7 5.c3 O-O 6.Bb3 d5 7.Qe2 Be6 8.Nbd2 Re8 9.O-O
Bf8 10.Re1 h6 11.Nf1 a6 12.Bc2 b5 13.Ng3 Qd7 14.exd5 Nxd5 15.Be3 Rad8 16.h3 f5 17.Nf1
Bf7 18.a4 b4 19.c4 Nf6 20.a5 f4 21.Bc1 Bg6 22.Rd1 Bh5 23.Ba4 Nd4 24.Nxd4 Qxd4 25.Qe1
Bxd1 26.Bxe8 Qxd3 27.Bc6 Qxc4 28.Bb7 Qb5 29.Bd2 Bh5 30.Be4 Nxe4 31.Qxe4 Qd5 32.Qf5
Be2 33.Rc1 Bxf1 34.Rxf1 Qxd2 35.Qe6+ Kh8 36.Qxa6 f3 37.gxf3 Qg5+ 38.Kh1 Qf5 39.Kh2
Qf4+ 40.Kh1 Qxf3+ 41.Kh2 e40-1 0-1

[Event "2. Bundesliga West 2013/14"]
[Site "Salzburg"]
[Date "2014.03.07"]
[Round "9"]
[Board "5"]
[White "Neuschmied, Siegfried"]
[Black "Hengl, Christian"]
[Result "1-0"]
[WhiteElo "2221"]
[BlackElo "2214"]
[PlyCount "59"]
[EventDate "2013.10.18"]
[EventType "team"]
[EventRounds "11"]
[EventCountry "AUT"]
[WhiteTeam "Kufstein / Woergl"]
[BlackTeam "Rochade Rum"]

1. e4 e6 2. d4 d5 3. e5 c5 4. c3 Nc6 5. Nf3 f6 6. Be2 Qc7 7. Bf4 Bd7 8. O-O
O-O-O 9. Bg3 f5 10. c4 dxc4 11. d5 exd5 12. Qxd5 f4 13. Bxf4 b5 14. Qe4 Be6 15.
Nc3 Qb7 16. Bg5 Be7 17. Qe3 Nd4 18. Ne4 Qc6 19. Bd1 h6 20. Nd6+ Kb8 21. Bxe7
Nxe7 22. Nxd4 cxd4 23. Qxd4 Nf5 24. Qg4 Ne3 25. Qg6 Nxf1 26. Qxe6 Rhe8 27. Qf5
Rxd6 28. exd6 Re1 29. Qf8+ Qc8 30. Qxc8+ 1-0

[Event "2. Bundesliga West 2013/14"]
[Site "Salzburg"]
[Date "2014.03.07"]
[Round "9"]
[Board "6"]
[White "Jedinger, Andreas"]
[Black "Kranewitter, Norbert"]
[Result "1-0"]
[WhiteElo "2169"]
[BlackElo "2047"]
[PlyCount "59"]
[EventDate "2013.10.18"]
[EventType "team"]
[EventRounds "11"]
[EventCountry "AUT"]
[WhiteTeam "Rochade Rum"]
[BlackTeam "Kufstein / Woergl"]

1. c4 e5 2. Nc3 Bb4 3. Nd5 Nc6 4. Nxb4 Nxb4 5. a3 Nc6 6. e3 Nf6 7. d3 O-O 8.
Nf3 d5 9. cxd5 Qxd5 10. Be2 Bg4 11. O-O Rad8 12. Qc2 Rd6 13. b4 a6 14. Bb2 h6
15. Rac1 Nh7 16. Rfd1 Rg6 17. e4 Qd6 18. d4 Bxf3 19. Bxf3 exd4 20. e5 Qxe5 21.
Be4 f5 22. Qc4+ Kh8 23. Bf3 Rd8 24. Re1 Qf6 25. Bh5 Rg5 26. Re8+ Rxe8 27. Bxe8
Ne5 28. Qxc7 Nd3 29. Qb8 Nxc1 30. Bf7+ 1-0

[Event "2. Bundesliga West 2013/14"]
[Site "Salzburg"]
[Date "2014.03.07"]
[Round "9"]
[Board "1"]
[White "Burschowsky, Matthias"]
[Black "Roth, Peter"]
[Result "1-0"]
[WhiteElo "2186"]
[BlackElo "2191"]
[PlyCount "79"]
[EventDate "2013.10.18"]
[EventType "team"]
[EventRounds "11"]
[EventCountry "AUT"]
[WhiteTeam "Pradl"]
[BlackTeam "ASK Salzburg 1"]

1. c4 Nf6 2. g3 g6 3. Bg2 Bg7 4. Nc3 O-O 5. Nf3 d6 6. O-O e5 7. d3 Nc6 8. Rb1
a5 9. a3 Ng4 10. h3 Nh6 11. b4 f5 12. Bg5 Qd7 13. Nd5 axb4 14. axb4 Nf7 15. Bf6
Nfd8 16. Bxg7 Qxg7 17. b5 Nd4 18. Nd2 g5 19. e3 N4e6 20. Qe2 Bd7 21. Ra1 Rxa1
22. Rxa1 e4 23. d4 c5 24. bxc6 bxc6 25. Nb6 Be8 26. Rb1 Nc7 27. d5 cxd5 28.
cxd5 Bf7 29. Qc4 Ne8 30. Nd7 Nf6 31. Nxf8 Qxf8 32. Rb8 Nd7 33. Rb5 Nc5 34. g4
fxg4 35. hxg4 Nc6 36. Nxe4 Ne5 37. Qd4 Nxe4 38. Bxe4 Bg6 39. Bg2 Qc8 40. Qa7
 1-0

[Event "2. Bundesliga West 2013/14"]
[Site "Salzburg"]
[Date "2014.03.07"]
[Round "9"]
[Board "2"]
[White "Harringer, Franz"]
[Black "Sucher, Johannes"]
[Result "0-1"]
[WhiteElo "2264"]
[BlackElo "2198"]
[PlyCount "78"]
[EventDate "2013.10.18"]
[EventType "team"]
[EventRounds "11"]
[EventCountry "AUT"]
[WhiteTeam "ASK Salzburg 1"]
[BlackTeam "Pradl"]

1.e4 Nf6 2.e5 Nd5 3.d4 d6 4.Nf3 Nc6 5.c4 Nb6 6.Be2 Bg4 7.O-O Bxf3 8.Bxf3 dxe5 9.c5
Nd7 10.Bxc6 bxc6 11.Qa4 exd4 12.Qxc6 e6 13.Bg5 Be7 14.Bxe7 Kxe7 15.Re1 Rb8 16.Na3
Rxb2 17.Rad1 Qa8 18.Qxc7 Qb8 19.Qc6 Rc8 20.Qe4 Qb4 21.Nc2 Qxc5 22.Nxd4 Nf6 23.Qf4
Rxa2 24.Rc1 Qa5 25.Nf5+ Qxf5 26.Qxf5 Rxc1 27.Qe5 Rcc2 28.Rd1 Nd5 29.Rb1 Kd7 30.Qb8
Rxf2 31.Rb7+ Kc6 32.Qc8+ Kd6 33.Qb8+ Kc5 34.Qf8+ Kc4 35.Rxf7 Rxg2+ 36.Kh1 Rxh2+ 37.Kg1
Rag2+ 38.Kf1 Ne3+ 39.Ke1 Re2#0-1 0-1

[Event "2. Bundesliga West 2013/14"]
[Site "Salzburg"]
[Date "2014.03.07"]
[Round "9"]
[Board "3"]
[White "Meier, Alexander"]
[Black "Juergens, Klaus"]
[Result "1-0"]
[WhiteElo "2165"]
[BlackElo "2140"]
[PlyCount "64"]
[EventDate "2013.10.18"]
[EventType "team"]
[EventRounds "11"]
[EventCountry "AUT"]
[WhiteTeam "Pradl"]
[BlackTeam "ASK Salzburg 1"]

1. e4 c5 2. Nf3 Nc6 3. d3 g6 4. g3 Bg7 5. Bg2 Nf6 6. O-O O-O 7. c3 d6 8. Nbd2
e5 9. Nc4 h6 10. Ne3 Be6 11. Qe2 d5 12. exd5 Nxd5 13. Nc4 Qc7 14. Re1 Rfe8 15.
a4 Rad8 16. Bd2 Bf5 17. Nh4 Bxd3 18. Qxd3 Nb6 19. Qe2 Nxc4 20. Bxh6 Bxh6 21.
Qxc4 Na5 22. Qg4 Rd2 23. Nxg6 Bg7 24. Nh4 Re6 25. Qg5 Nb3 26. Rad1 Red6 27.
Rxd2 Rxd2 28. Nf5 f6 29. Qg6 Kf8 30. h4 Qf7 31. Qg4 Rxb2 32. Bd5 Qd7 1-0